Samir Kasyaf

Bibliographic Details
Main Author: Hadzir Sibon
Format: Book
Published: Selangor : Pintar Firus , 2006
Series:Siri kisah penuh tauladan
Subjects:

MARC

LEADER 00000cam a2200000 7i4500
001 0000004010
005 20151222.0
008 070724
020 |a 9833266134(set) 
020 |a 9833266150 
090 0 0 |a JF   |b MOR MAL (4164) 
100 0 |a Hadzir Sibon 
245 0 0 |a Samir Kasyaf   |c Hadzir Sibon 
260 |a Selangor :   |b Pintar Firus ,   |c 2006 
440 |a Siri kisah penuh tauladan 
500 |a Children ages 7-9 years old (orange) 
650 0 |a Junior fiction   |x Malay   |x Languages 
650 0 |a Moral 
999 |a 0000975320   |b Book   |c Children Collection   |e Perbadanan Perpustakaan Awam Johor 
999 |a 0000975323   |b Book   |c Children Collection   |e Cawangan Bandar Tenggara 
999 |a 0000975324   |b Book   |c Children Collection   |e Perbadanan Perpustakaan Awam Johor